On the Shortness Exponent of 1-tough, Maximal Planar Graphs

Guardado en:
Detalles Bibliográficos
Autor principal: Tkáč, Michal, 1958-
Formato: Capítulo de libro
Lenguaje:inglés
Etiquetas: Agregar Etiqueta
Sin Etiquetas, Sea el primero en etiquetar este registro!

MARC

LEADER 00000naa a2200000 4500
001 0167355
005 20260204082646.4
041 0 |a eng 
044 |a NL 
245 1 0 |a On the Shortness Exponent of 1-tough, Maximal Planar Graphs  |c Michal Tkáč 
100 1 |a Tkáč, Michal, 1958-